Catalog

Record Details

Catalog Search



Promýšlet Francouzskou revoluci  Cover Image Book Book

Promýšlet Francouzskou revoluci / François Furet ; [z franc. přel. Petr Horák ; přebal, vazba a graf. úprava Rostislav Pospíšil]

Record details

  • ISBN: 80-7108-089-6
  • Physical Description: 205 s. ; 21 cm
  • Edition: 1. vyd.
  • Publisher: Brno : Atlantis, 1994

Content descriptions

General Note:
Jmenný rejstřík
Přeloženo z francouzštiny
Pozn. o autorovi
Genre: úvahy

Available copies

  • 1 of 1 copy available at Common Catalog SPOK.

Holds

  • 0 current holds with 1 total copy.
Show Only Available Copies
Location Call Number / Copy Notes Barcode Shelving Location Status Due Date
Jabok Library VO-6.1/F 424480037221 Odborná literatura Available -

LDR 01416nam a2200385 4500
00123282
003CZ-PrJAB
00520220504093107.0
007ta
008950124s1994 xr u0|1 0 cze
015 . ‡acnb000087568
020 . ‡a80-7108-089-6 ‡q(váz.)
035 . ‡a(CZ PrNK)np9427853
035 . ‡a(OCoLC)39567645
040 . ‡aABA001 ‡bcze
0411 . ‡acze ‡hfre
045 . ‡av8v9 ‡aw-x-
080 . ‡a944 ‡2undef
080 . ‡a930.1 ‡2undef
1001 . ‡aFuret, François, ‡d1927-1997 ‡7jn20010602712 ‡4aut
24510. ‡aPromýšlet Francouzskou revoluci / ‡cFrançois Furet ; [z franc. přel. Petr Horák ; přebal, vazba a graf. úprava Rostislav Pospíšil]
250 . ‡a1. vyd.
260 . ‡aBrno : ‡bAtlantis, ‡c1994 ‡e(Brno : ‡fSignet)
300 . ‡a205 s. ; ‡c21 cm
500 . ‡aJmenný rejstřík
500 . ‡aPřeloženo z francouzštiny
500 . ‡aPozn. o autorovi
6530 . ‡aFrancie ‡aFrancouzská revoluce ‡adějiny ‡afrancouzská historiografie
655 7. ‡aúvahy ‡7fd134000 ‡2czenas
7001 . ‡aHorák, Petr, ‡d1935- ‡7jk01042107 ‡4trl
7001 . ‡aPospíšil, Rostislav, ‡d1950- ‡7jx20040720095 ‡4art
7650 . ‡tPenser la Révolution française ‡9Česky
910 . ‡aABG312
964 . ‡aFrancouzská revoluce - historiografie francouzská - stol. 19.-20. - úvahy
901 . ‡a23282 ‡b ‡c23282 ‡tbiblio

Additional Resources